000 00682nam a22002537a 4500
001 BR8404096
003 BR-BrBNA
005 20230928092011.0
007 ta
008 230509b bl.||||| |||| 00| 0 por d
040 _aBR-BrBNA
_bpor
_cBiblioteca Nacional de Agricultura
041 _a(Por)
072 _aC10; L70
090 _ C10 BR8404096
100 1 _aPereira, J.G.L.
110 1 _aUniversidade de Sao Paulo, Sao Paulo (Brasil). Depto. de Cirurgia e Obstetricia
_910517
245 1 _aMemorial
260 3 _aSao Paulo, SP (Brasil):
_c1984.
300 _a95 p.
650 _aVETERINARIA
650 _aEDUCACAO
909 _a202309
_bLucia
_c55
_dLucia Elande
942 _cBK
999 _c36627
_d36627